[Event "4NCL u175 Section"]
[Site "De Vere High Wycombe ENG"]
[Date "2014.04.27"]
[Round "3.24"]
[White "Melsom, Jonathan T"]
[Black "Mason, Ian"]
[Result "1/2-1/2"]
[WhiteElo "147"]
[BlackElo "142"]
[EventDate "2014.04.27"]
[PlyCount "40"]
[WhiteTeam "Wycombe & Hazlemere"]
[BlackTeam "Metropolitan"]

1.e4 c5 2.c3 Nf6 3.e5 Nd5 4.Nf3 Nc6 5.a3 d6 6.d4 cxd4 7.cxd4 dxe5 8.dxe5 
g6 9.Bc4 Nb6 10.Qxd8+ Nxd8 11.Bb5+ Bd7 12.Bxd7+ Nxd7 13.O-O Bg7 14.Re1 O-O
15.Nc3 Nc6 16.Bf4 Nc5 17.Rad1 Rfd8 18.Bg3 Rxd1 19.Rxd1 Rd8 20.Rxd8+ Nxd8 
1/2-1/2

[Event "4NCL u175 Section"]
[Site "De Vere High Wycombe ENG"]
[Date "2014.04.27"]
[Round "3.31"]
[White "Smith, Andrew P"]
[Black "Stille, Alexander M"]
[Result "1-0"]
[WhiteElo "198"]
[BlackElo "189"]
[EventDate "2014.04.27"]
[PlyCount "81"]
[WhiteTeam "Bourne End"]
[BlackTeam "GLCC 1"]

1.e4 e5 2.d4 exd4 3.Qxd4 Nc6 4.Qe3 d6 5.Nc3 Nf6 6.Bd2 Be7 7.O-O-O O-O 8.
Nh3 Re8 9.Nf4 Ng4 10.Qe1 Bh4 11.g3 Bg5 12.h4 Bh6 13.f3 Nge5 14.Qf2 Ng6 15.
Nxg6 Bxd2+ 16.Rxd2 fxg6 17.h5 Ne5 18.hxg6 Nxg6 19.f4 c6 20.Bc4+ Be6 21.
Bxe6+ Rxe6 22.f5 Rf6 23.Qh2 Nf8 24.g4 Rh6 25.Qg2 Rxh1+ 26.Qxh1 Qg5 27.Qg2 
Nd7 28.Kb1 Ne5 29.Rxd6 Qxg4 30.Qf2 Nf7 31.Rd1 Ne5 32.Rg1 Qf3 33.Qc5 Qf4 
34.Qe7 Ng4 35.Qxb7 Rd8 36.Qxc6 Qf2 37.Qc4+ Kh8 38.Rf1 Qg2 39.Qe2 Rd2 40.
Qxg2 Rxg2 41.b4 1-0

[Event "4NCL u175 Section"]
[Site "De Vere High Wycombe ENG"]
[Date "2014.04.27"]
[Round "3.32"]
[White "Blades, Nigel W"]
[Black "de Coverly, Roger D"]
[Result "1-0"]
[WhiteElo "175"]
[BlackElo "181"]
[EventDate "2014.04.27"]
[PlyCount "77"]
[WhiteTeam "GLCC 1"]
[BlackTeam "Bourne End"]

1.d4 Nf6 2.c4 g6 3.Nc3 Bg7 4.e4 d6 5.Be2 O-O 6.Bg5 a6 7.Qd2 c5 8.d5 b5 9.
cxb5 Qa5 10.bxa6 Bxa6 11.Nf3 Nbd7 12.O-O Rfb8 13.Rfe1 Qb4 14.Bxa6 Rxa6 15.
Rab1 Nb6 16.e5 Ng4 17.Re4 Nc4 18.Qd3 Ngxe5 19.Nxe5 Bxe5 20.Rxc4 Qb7 21.Bd2
Rb6 22.b3 Ra8 23.Na4 Rba6 24.Bc3 Bxc3 25.Nxc3 Rb6 26.h4 h5 27.Qe3 Kg7 28.
Re4 Re8 29.Re1 Kf8 30.Qh6+ Kg8 31.g4 hxg4 32.h5 gxh5 33.Qxh5 e6 34.dxe6 
Rxe6 35.Rxe6 fxe6 36.Qxg4+ Kh7 37.Re3 Qg7 38.Qxg7+ Kxg7 39.Rxe6 1-0

[Event "4NCL u175 Section"]
[Site "De Vere High Wycombe ENG"]
[Date "2014.04.27"]
[Round "3.33"]
[White "Turner, David J"]
[Black "Middleton, Tom"]
[Result "1/2-1/2"]
[WhiteElo "150"]
[BlackElo "168"]
[EventDate "2014.04.27"]
[PlyCount "40"]
[WhiteTeam "Bourne End"]
[BlackTeam "GLCC 1"]

1.Nf3 d5 2.g3 c5 3.Bg2 Nc6 4.O-O e5 5.d3 Nf6 6.Nbd2 Be7 7.c3 O-O 8.e4 d4 
9.Nc4 Qc7 10.a4 Be6 11.Na3 dxc3 12.bxc3 Rad8 13.Ng5 Bc8 14.Qc2 h6 15.Nf3 
Rfe8 16.Nc4 Bd6 17.Nh4 Be6 18.Ne3 Na5 19.c4 Nc6 20.Rd1 Nd4 1/2-1/2

[Event "4NCL u175 Section"]
[Site "De Vere High Wycombe ENG"]
[Date "2014.04.27"]
[Round "3.34"]
[White "Robinson, James M"]
[Black "Watson, Darrell A"]
[Result "1-0"]
[WhiteElo "161"]
[BlackElo "141"]
[EventDate "2014.04.27"]
[PlyCount "119"]
[WhiteTeam "GLCC 1"]
[BlackTeam "Bourne End"]

1.d4 Nf6 2.Nf3 c5 3.e3 g6 4.c3 b6 5.Be2 cxd4 6.exd4 Bg7 7.h3 Bb7 8.Be3 O-O
9.Qc1 Re8 10.Na3 d6 11.O-O Nbd7 12.Rd1 Nd5 13.Bg5 N7f6 14.c4 Nc7 15.Bh6 
Bh8 16.Qe3 a6 17.Rac1 Ne6 18.d5 Ng7 19.Bd3 e5 20.Bc2 Bc8 21.Bg5 Nf5 22.Qd2
Qc7 23.Nb1 Qa7 24.g4 Ne7 25.Nc3 Rb8 26.Bxf6 Bxf6 27.Ne4 Bg7 28.Nxd6 Rd8 
29.Nxc8 Nxc8 30.b3 Nd6 31.Qe3 Re8 32.Be4 Qe7 33.Re1 Kh8 34.Qg5 f6 35.Qh4 
Rb7 36.Bxg6 h6 37.Bxe8 Qxe8 38.Nd4 Qg6 39.Ne6 Ne4 40.Qh5 Qxh5 41.gxh5 Nd6 
42.f3 Kh7 43.Kf2 Nf7 44.Rg1 Ng5 45.Nxg5+ fxg5 46.Ke3 Bf8 47.Ke4 Bc5 48.Rg4
Bd4 49.Rc2 Rd7 50.h4 Rf7 51.hxg5 hxg5 52.f4 Ba1 53.Rxg5 Re7 54.fxe5 Kh6 
55.Rcg2 b5 56.d6 Rd7 57.Kd5 bxc4 58.bxc4 a5 59.Rg6+ Kxh5 60.Rg8 1-0

[Event "4NCL u175 Section"]
[Site "De Vere High Wycombe ENG"]
[Date "2014.04.27"]
[Round "3.41"]
[White "Granat, Russell G"]
[Black "Cheslavskiy, Maksim"]
[Result "1-0"]
[WhiteElo "202"]
[BlackElo "186"]
[EventDate "2014.04.27"]
[PlyCount "118"]
[WhiteTeam "Farnham"]
[BlackTeam "Wanstead & Woodford 1"]

1.e4 Nc6 2.d4 e5 3.d5 Nce7 4.c4 Nf6 5.Nc3 Ng6 6.g3 Bc5 7.h4 h5 8.Bg5 c6 9.
Qf3 Qb6 10.Bxf6 gxf6 11.Bh3 Qxb2 12.Rb1 Bxf2+ 13.Kd1 Qa3 14.Nge2 Bb6 15.
Qxf6 Qe7 16.Qf3 d6 17.Bf5 Bxf5 18.exf5 Nf8 19.dxc6 e4 20.cxb7 Qxb7 21.
Qxe4+ Qxe4 22.Nxe4 O-O-O 23.N2c3 Rg8 24.Nd5 Rg4 25.Ndf6 d5 26.cxd5 Rxe4 
27.Nxe4 Rxd5+ 28.Kc2 Nd7 29.Rbd1 Ra5 30.Rd3 Ne5 31.Rc3+ Kd7 32.a3 Ng4 33.
Rd1+ Ke7 34.f6+ Ke6 35.Ng5+ Kxf6 36.Rf1+ Kg6 37.Rff3 Ne5 38.Rf4 Rd5 39.Ne4
Ng4 40.Rc6+ Kg7 41.Nf6 Ne3+ 42.Kb3 Rb5+ 43.Ka4 Ra5+ 44.Kb4 Re5 45.Re4 Rf5 
46.Rxb6 Nc2+ 47.Kb3 axb6 48.Ne8+ Kf8 49.Kxc2 Rf3 50.a4 Rxg3 51.Nf6 Rh3 52.
Nxh5 Kg8 53.Nf6+ Kg7 54.Nd7 Kg6 55.Nxb6 Kf5 56.Rc4 Ke6 57.a5 Rh2+ 58.Kb3 
Rh3+ 59.Kb4 Rh1 1-0

[Event "4NCL u175 Section"]
[Site "De Vere High Wycombe ENG"]
[Date "2014.04.27"]
[Round "3.42"]
[White "Marden, Larry E"]
[Black "Hasson, Peter"]
[Result "0-1"]
[WhiteElo "177"]
[BlackElo "178"]
[EventDate "2014.04.27"]
[PlyCount "64"]
[WhiteTeam "Wanstead & Woodford 1"]
[BlackTeam "Farnham"]

1.d4 d5 2.c4 Nc6 3.Nc3 Nf6 4.Bg5 Ne4 5.cxd5 Nxc3 6.bxc3 Qxd5 7.Nf3 Bg4 8.
Bf4 O-O-O 9.Qb3 Bxf3 10.gxf3 e5 11.Qxd5 Rxd5 12.e4 Ra5 13.Bd2 exd4 14.cxd4
Bb4 15.d5 Bxd2+ 16.Kxd2 Nd4 17.Bc4 Nxf3+ 18.Ke3 Ne5 19.Bb3 Re8 20.f3 g5 
21.Rac1 Ra6 22.Rc3 Rf6 23.Ke2 g4 24.fxg4 Nxg4 25.Bc2 Rf2+ 26.Ke1 Rxh2 27.
Rxh2 Nxh2 28.Rh3 Ng4 29.Rxh7 f5 30.Rf7 fxe4 31.Rf4 Ne3 32.Rxe4 Nxc2+ 0-1

[Event "4NCL u175 Section"]
[Site "De Vere High Wycombe ENG"]
[Date "2014.04.27"]
[Round "3.43"]
[White "Davis, Timothy"]
[Black "Rix, Steven JL"]
[Result "1/2-1/2"]
[WhiteElo "159"]
[BlackElo "173"]
[EventDate "2014.04.27"]
[PlyCount "69"]
[WhiteTeam "Farnham"]
[BlackTeam "Wanstead & Woodford 1"]

1.e4 Nf6 2.e5 Nd5 3.d4 d6 4.Nf3 Bg4 5.Be2 c6 6.O-O Bxf3 7.Bxf3 dxe5 8.dxe5
e6 9.c4 Ne7 10.Qxd8+ Kxd8 11.Be2 Nd7 12.f4 Kc7 13.Be3 Nf5 14.Bf2 Bc5 15.
Bxc5 Nxc5 16.Nc3 a5 17.Kf2 Rad8 18.g4 Nd4 19.Rad1 h5 20.g5 Nxe2 21.Kxe2 g6
22.Ke3 a4 23.Rf2 Rxd1 24.Nxd1 Rd8 25.Rd2 Rxd2 26.Kxd2 b5 27.cxb5 cxb5 28.
Ke3 Kc6 29.Nc3 b4 30.Ne4 Nxe4 31.Kxe4 Kc5 32.b3 axb3 33.axb3 h4 34.h3 Kc6 
35.Kd4 1/2-1/2

[Event "4NCL u175 Section"]
[Site "De Vere High Wycombe ENG"]
[Date "2014.04.27"]
[Round "3.44"]
[White "Staniland, Philip"]
[Black "Horlock, Peter J"]
[Result "1-0"]
[WhiteElo "161"]
[BlackElo "148"]
[EventDate "2014.04.27"]
[PlyCount "69"]
[WhiteTeam "Wanstead & Woodford 1"]
[BlackTeam "Farnham"]

1.d4 Nf6 2.Bf4 d5 3.e3 e6 4.Nf3 Nbd7 5.Nbd2 a6 6.Bd3 c5 7.c3 Be7 8.h3 b5 
9.a3 Bb7 10.Qe2 O-O 11.O-O Ne4 12.Rae1 c4 13.Bb1 a5 14.Nxe4 dxe4 15.Nd2 f5
16.f3 Nf6 17.fxe4 fxe4 18.Bg5 Qc7 19.Bxf6 Bxf6 20.Bxe4 e5 21.Bxb7 Qxb7 22.
Qf3 Qd7 23.Qe2 exd4 24.exd4 Bxd4+ 25.cxd4 Qxd4+ 26.Qe3 Qxb2 27.Rxf8+ Rxf8 
28.Rb1 Qc2 29.Rxb5 c3 30.Nb3 Qd1+ 31.Kh2 Qd6+ 32.Qg3 Qxa3 33.Rb7 Rf7 34.
Qb8+ Rf8 35.Qc7 1-0

[Event "4NCL u175 Section"]
[Site "De Vere High Wycombe ENG"]
[Date "2014.04.27"]
[Round "4.21"]
[White "Bullen, Alex"]
[Black "Smith, Andrew P"]
[Result "1/2-1/2"]
[WhiteElo "177"]
[BlackElo "198"]
[EventDate "2014.04.27"]
[PlyCount "69"]
[WhiteTeam "Wycombe & Hazlemere"]
[BlackTeam "Bourne End"]

1.d4 Nf6 2.Nf3 c5 3.e3 g6 4.dxc5 Bg7 5.a3 O-O 6.b4 a5 7.Bb2 axb4 8.axb4 
Rxa1 9.Bxa1 b6 10.cxb6 Qxb6 11.b5 d6 12.Be2 Nbd7 13.O-O Nc5 14.Nc3 Bd7 15.
Qb1 Rb8 16.Nd4 Nce4 17.Qa2 e5 18.Nf3 Nxc3 19.Bxc3 Qc5 20.Qb3 Nd5 21.Ba1 
Be6 22.c4 Nb6 23.Nd2 Rc8 24.Rb1 Bf5 25.e4 Bh6 26.exf5 Bxd2 27.Rd1 Bg5 28.
Bc3 Nxc4 29.Bb4 Qxb5 30.fxg6 hxg6 31.Qh3 Rd8 32.Bxd6 Qa4 33.Qg4 Bf4 34.
Bxc4 Qxc4 35.g3 1/2-1/2

[Event "4NCL u175 Section"]
[Site "De Vere High Wycombe ENG"]
[Date "2014.04.27"]
[Round "4.22"]
[White "de Coverly, Roger D"]
[Black "Symonds, Richard H"]
[Result "1/2-1/2"]
[WhiteElo "181"]
[BlackElo "173"]
[EventDate "2014.04.27"]
[PlyCount "147"]
[WhiteTeam "Bourne End"]
[BlackTeam "Wycombe & Hazlemere"]

1.e4 Nf6 2.e5 Nd5 3.d4 d6 4.c4 Nb6 5.exd6 exd6 6.Nf3 Bg4 7.Be2 Be7 8.O-O 
O-O 9.Nc3 Nc6 10.b3 Bf6 11.Be3 Re8 12.Rc1 d5 13.c5 Nc8 14.h3 Be6 15.Re1 
N8e7 16.g4 g6 17.Bf1 Qd7 18.Ne2 h5 19.gxh5 Bxh3 20.hxg6 Qg4+ 21.Ng3 Nxg6 
22.Nh2 Qh4 23.Qh5 Bxf1 24.Qxh4 Nxh4 25.Kxf1 Nxd4 26.Ng4 Bg7 27.Red1 Ndf5 
28.Nxf5 Nxf5 29.Rxd5 Nxe3+ 30.Nxe3 Bh6 31.Ke2 Bxe3 32.fxe3 Re6 33.Rg1+ Kf8
34.Rf5 Rae8 35.Rg3 Ke7 36.Rgf3 Rf8 37.a4 a5 38.R3f4 f6 39.b4 axb4 40.Rxb4 
b6 41.cxb6 Rxb6 42.Rxb6 cxb6 43.Rb5 Ra8 44.Rb4 Kd7 45.Kd3 Ra5 46.Rxb6 Ke7 
47.Rb4 Ke6 48.Kc3 Re5 49.e4 f5 50.exf5+ Rxf5 51.Rd4 Rd5 52.Rc4 Kd6 53.Kb4 
Rd1 54.Kb5 Rb1+ 55.Ka6 Kd5 56.Rc8 Kd6 57.a5 Kd7 58.Rc2 Rb4 59.Ka7 Rb5 60.
a6 Rb3 61.Ka8 Rb4 62.a7 Rb3 63.Rh2 Kc7 64.Rh7+ Kc8 65.Rh8+ Kc7 66.Rb8 Rh3 
67.Rg8 Rb3 68.Rb8 Rh3 69.Rb7+ Kc6 70.Rb2 Rh8+ 71.Rb8 Rh3 72.Rc8+ Kd7 73.
Rc2 Rb3 74.Rh2 1/2-1/2

[Event "4NCL u175 Section"]
[Site "De Vere High Wycombe ENG"]
[Date "2014.04.27"]
[Round "4.23"]
[White "Finn, Peter"]
[Black "Turner, David J"]
[Result "1-0"]
[WhiteElo "156"]
[BlackElo "150"]
[EventDate "2014.04.27"]
[PlyCount "43"]
[WhiteTeam "Wycombe & Hazlemere"]
[BlackTeam "Bourne End"]

1.e4 d6 2.d4 Nf6 3.Nc3 g6 4.f4 Bg7 5.Nf3 c5 6.Be3 Nbd7 7.Bb5 a6 8.Bxd7+ 
Nxd7 9.dxc5 Nxc5 10.Bd4 O-O 11.Bxg7 Kxg7 12.Qd4+ Kg8 13.O-O-O Bg4 14.h3 
Ne6 15.Qe3 Bxf3 16.gxf3 Qa5 17.Rdg1 Rac8 18.f5 Qc5 19.Qh6 Nd4 20.fxg6 fxg6
21.Rxg6+ Kh8 22.Qg7# 1-0

[Event "4NCL u175 Section"]
[Site "De Vere High Wycombe ENG"]
[Date "2014.04.27"]
[Round "4.24"]
[White "Watson, Darrell A"]
[Black "Melsom, Jonathan T"]
[Result "1-0"]
[WhiteElo "141"]
[BlackElo "147"]
[EventDate "2014.04.27"]
[PlyCount "75"]
[WhiteTeam "Bourne End"]
[BlackTeam "Wycombe & Hazlemere"]

1.Nf3 e6 2.c4 Nf6 3.b3 d5 4.Bb2 c5 5.g3 Nc6 6.e3 d4 7.exd4 cxd4 8.Bg2 Bc5 
9.d3 O-O 10.O-O e5 11.Nbd2 Bf5 12.Re1 Re8 13.Ne4 Bb4 14.Nfd2 Nd7 15.a3 Bf8
16.Nf3 Bxe4 17.Rxe4 Nc5 18.Rh4 Be7 19.Rh3 g5 20.Ne1 Qd6 21.b4 Nd7 22.Qg4 
Nf8 23.Bd5 Qf6 24.b5 Nd8 25.Nf3 Rb8 26.Re1 h6 27.Rh5 Bd6 28.h4 Nde6 29.Bc1
Nh7 30.hxg5 Nexg5 31.Nh4 Kh8 32.Nf5 Bf8 33.Kg2 Qg6 34.Reh1 Nf6 35.Qxg5 
Nxh5 36.Rxh5 Qxg5 37.Bxg5 Kg8 38.Bf6 1-0

[Event "4NCL u175 Section"]
[Site "De Vere High Wycombe ENG"]
[Date "2014.04.27"]
[Round "4.32"]
[White "Hasson, Peter"]
[Black "Blades, Nigel W"]
[Result "1/2-1/2"]
[WhiteElo "178"]
[BlackElo "175"]
[EventDate "2014.04.27"]
[PlyCount "132"]
[WhiteTeam "Farnham"]
[BlackTeam "GLCC 1"]

1.Nf3 Nf6 2.c4 e6 3.g3 c5 4.Bg2 Be7 5.O-O O-O 6.Nc3 Nc6 7.d4 cxd4 8.Nxd4 
a6 9.b3 Qc7 10.Bb2 b6 11.Rc1 Bb7 12.Nxc6 Bxc6 13.Nd5 Qd8 14.Nxe7+ Qxe7 15.
Be5 Bxg2 16.Bd6 Qd8 17.Kxg2 Re8 18.f3 Rc8 19.Qd3 Rc6 20.e4 e5 21.b4 Re6 
22.c5 Ne8 23.Rcd1 Nxd6 24.cxd6 b5 25.Rf2 Rcxd6 26.Qxd6 Rxd6 27.Rxd6 a5 28.
bxa5 Qxa5 29.Rxd7 f6 30.Rd3 Qe1 31.Rb3 f5 32.exf5 e4 33.fxe4 Qxe4+ 34.Rbf3
h5 35.h3 Kf7 36.Kh2 Kf6 37.h4 Qd5 38.Rb3 Qc6 39.Rfb2 Kxf5 40.Rxb5+ Ke4 41.
Rxh5 Qc1 42.Rf2 g6 43.Rh7 Ke3 44.Rhf7 Qc6 45.R7f3+ Ke4 46.Rf6 Qc5 47.a4 
Ke3 48.R6f3+ Ke4 49.Rf4+ Ke3 50.R2f3+ Ke2 51.Kh3 Qc8+ 52.Kg2 Qa8 53.Kh2 
Qa6 54.Rf2+ Ke3 55.Kh3 Qc8+ 56.g4 Qc6 57.R4f3+ Ke4 58.Rf6 Qc3+ 59.Kg2 Qa3 
60.Re6+ Kd5 61.Rxg6 Qxa4 62.h5 Qe4+ 63.Kg3 Qe3+ 64.Rf3 Qe1+ 65.Kg2 Qe2+ 
66.Rf2 Qe4+ 1/2-1/2

[Event "4NCL u175 Section"]
[Site "De Vere High Wycombe ENG"]
[Date "2014.04.27"]
[Round "4.33"]
[White "Middleton, Tom"]
[Black "Davis, Timothy"]
[Result "1/2-1/2"]
[WhiteElo "168"]
[BlackElo "159"]
[EventDate "2014.04.27"]
[PlyCount "88"]
[WhiteTeam "GLCC 1"]
[BlackTeam "Farnham"]

1.e4 c5 2.Nf3 e6 3.c3 d5 4.exd5 Qxd5 5.d4 Nc6 6.Be3 cxd4 7.Nxd4 Nf6 8.Nxc6
Qxd1+ 9.Kxd1 bxc6 10.Be2 e5 11.c4 Ng4 12.Bxg4 Bxg4+ 13.f3 Be6 14.b3 O-O-O+
15.Ke2 Kb7 16.Nc3 Be7 17.Rad1 c5 18.Ne4 Kc6 19.Ng5 Bxg5 20.Bxg5 f6 21.Be3 
a5 22.Rxd8 Rxd8 23.Rd1 Rb8 24.Kd2 a4 25.Kc3 axb3 26.axb3 Ra8 27.Kb2 h5 28.
Ra1 Rxa1 29.Kxa1 h4 30.Kb2 f5 31.f4 e4 32.Kc3 h3 33.gxh3 Kd6 34.b4 cxb4+ 
35.Kxb4 g5 36.Kc3 gxf4 37.Bxf4+ Ke7 38.Kd4 Kf6 39.c5 Kg6 40.Ke3 Bd7 41.Bg3
Kg5 42.Bf4+ Kh4 43.Bg3+ Kxh3 44.Bf4 Bc6 1/2-1/2

[Event "4NCL u175 Section"]
[Site "De Vere High Wycombe ENG"]
[Date "2014.04.27"]
[Round "4.34"]
[White "Horlock, Peter J"]
[Black "Robinson, James M"]
[Result "0-1"]
[WhiteElo "148"]
[BlackElo "161"]
[EventDate "2014.04.27"]
[PlyCount "62"]
[WhiteTeam "Farnham"]
[BlackTeam "GLCC 1"]

1.e4 d5 2.exd5 Qxd5 3.Nf3 Bg4 4.Be2 c6 5.d3 Nf6 6.h3 Bh5 7.Nc3 Qd6 8.O-O 
e6 9.Be3 Nbd7 10.Qd2 Be7 11.a3 Qc7 12.b4 O-O 13.Nd4 Bxe2 14.Ndxe2 Nd5 15.
Nxd5 cxd5 16.c4 b6 17.cxd5 exd5 18.Rac1 Qb7 19.Nd4 Rfc8 20.Nf5 Bf8 21.Bd4 
f6 22.Qf4 Rxc1 23.Rxc1 Rc8 24.Re1 Qc7 25.Qg4 Ne5 26.Bxe5 fxe5 27.Rxe5 Kh8 
28.Re7 Qc1+ 29.Kh2 Qc3 30.d4 g6 31.Qe4 dxe4 0-1

[Event "4NCL u175 Section"]
[Site "De Vere High Wycombe ENG"]
[Date "2014.04.27"]
[Round "4.41"]
[White "Cheslavskiy, Maksim"]
[Black "Calvert, D Ian"]
[Result "0-1"]
[WhiteElo "186"]
[BlackElo "172"]
[EventDate "2014.04.27"]
[PlyCount "116"]
[WhiteTeam "Wanstead & Woodford 1"]
[BlackTeam "Metropolitan"]

1.d4 d5 2.Nf3 Nf6 3.Bf4 c5 4.e3 Nc6 5.c3 Qb6 6.Qb3 c4 7.Qc2 Bf5 8.Qc1 e6 
9.Nh4 Be7 10.Nxf5 exf5 11.Be2 Qd8 12.Qc2 g6 13.Nd2 Ne4 14.h3 Nxd2 15.Qxd2 
Bd6 16.Bxd6 Qxd6 17.O-O O-O 18.Bf3 b5 19.b3 a5 20.a4 cxb3 21.axb5 Ne7 22.
c4 Qb4 23.Qxb4 axb4 24.Rab1 Rab8 25.c5 Rxb5 26.Rxb3 Rd8 27.Ra1 Nc6 28.Be2 
Rbb8 29.Ra6 Rdc8 30.Bf3 Rb5 31.Bxd5 Na5 32.Rb2 Rc7 33.Rb6 Rxb6 34.cxb6 Rd7
35.Bf3 b3 36.Kf1 Nc4 37.b7 Rd8 38.Bd5 Nxb2 39.Bxb3 Nd3 40.Bd5 Nb4 41.Bf3 
Kf8 42.Ke2 Ke7 43.Kd2 Kd6 44.Kc3 Nc6 45.Be2 Kc7 46.Bc4 f6 47.Be6 Kxb7 48.
d5 Ne5 49.Kd4 Kc7 50.f4 Nd7 51.g4 fxg4 52.hxg4 Nf8 53.Kc5 Nxe6+ 54.dxe6 
Re8 55.Kd5 h5 56.f5 hxg4 57.fxg6 g3 58.e7 Kd7 0-1

[Event "4NCL u175 Section"]
[Site "De Vere High Wycombe ENG"]
[Date "2014.04.27"]
[Round "4.42"]
[White "Dickson, George A"]
[Black "Marden, Larry E"]
[Result "1-0"]
[WhiteElo "169"]
[BlackElo "177"]
[EventDate "2014.04.27"]
[PlyCount "81"]
[WhiteTeam "Metropolitan"]
[BlackTeam "Wanstead & Woodford 1"]

1.d4 d5 2.Bf4 Nf6 3.e3 e6 4.Nd2 c5 5.c3 Nc6 6.Bd3 Bd6 7.Bg3 O-O 8.Ngf3 b6 
9.Ne5 Qc7 10.Nxc6 Qxc6 11.O-O Nd7 12.e4 f5 13.Bxd6 Qxd6 14.e5 Qe7 15.f4 
cxd4 16.cxd4 Qb4 17.Nb3 Rf7 18.Rc1 Qf8 19.Qe2 Qd8 20.Ba6 Bxa6 21.Qxa6 Nb8 
22.Qc8 Nd7 23.Qxd8+ Rxd8 24.Rc6 Nf8 25.Rfc1 Rb7 26.Kf2 Kf7 27.Ke3 Ke7 28.
Nd2 Kd7 29.b4 Ng6 30.Nf3 h6 31.h4 Nh8 32.h5 Nf7 33.Nh4 Ra8 34.a4 a6 35.Ng6
Re8 36.g3 Ra8 37.Kf3 Re8 38.g4 fxg4+ 39.Kxg4 Kd8 40.Rc8+ Kd7 41.Nf8+ 1-0

[Event "4NCL u175 Section"]
[Site "De Vere High Wycombe ENG"]
[Date "2014.04.27"]
[Round "4.43"]
[White "Rix, Steven JL"]
[Black "Lees, Fraser A"]
[Result "0-1"]
[WhiteElo "173"]
[BlackElo "151"]
[EventDate "2014.04.27"]
[PlyCount "74"]
[WhiteTeam "Wanstead & Woodford 1"]
[BlackTeam "Metropolitan"]

1.e4 c6 2.d4 g6 3.f4 d5 4.e5 h5 5.Nf3 Bg4 6.Nbd2 Qb6 7.h3 Bxf3 8.Nxf3 e6 
9.c3 Nd7 10.Bd3 Ne7 11.O-O Nf5 12.b3 Be7 13.Qe1 h4 14.Be3 Nxe3 15.Qxe3 c5 
16.Rfd1 O-O-O 17.Kh2 Kb8 18.Rdb1 Rc8 19.Bf1 Rcg8 20.Qf2 f6 21.Rd1 fxe5 22.
fxe5 g5 23.c4 Rf8 24.Qe3 cxd4 25.Qxd4 Bc5 26.Qd3 Rxf3 27.gxf3 Nxe5 28.Qe2 
Qd6 29.Kh1 Rf8 30.Bg2 g4 31.fxg4 Rf2 32.Qxf2 Bxf2 33.cxd5 Ng6 34.dxe6 Qxe6
35.Rac1 a6 36.Rc2 Bg3 37.Rf1 Nf4 0-1

[Event "4NCL u175 Section"]
[Site "De Vere High Wycombe ENG"]
[Date "2014.04.27"]
[Round "4.44"]
[White "Mason, Ian"]
[Black "Staniland, Philip"]
[Result "1/2-1/2"]
[WhiteElo "142"]
[BlackElo "161"]
[EventDate "2014.04.27"]
[PlyCount "52"]
[WhiteTeam "Metropolitan"]
[BlackTeam "Wanstead & Woodford 1"]

1.d4 d5 2.c4 c6 3.Nc3 Nf6 4.e3 a6 5.Nf3 b5 6.cxd5 cxd5 7.a3 Nbd7 8.Bd3 e6 
9.O-O Bd6 10.e4 dxe4 11.Nxe4 Nxe4 12.Bxe4 Rb8 13.Bg5 f6 14.Be3 Bb7 15.Qd3 
Bxe4 16.Qxe4 Ke7 17.Rfe1 Nb6 18.Rad1 Kf7 19.Ne5+ Bxe5 20.dxe5 Nd5 21.exf6 
Qxf6 22.Bd4 a5 23.Qf3 Qf5 24.Qxf5+ exf5 25.Bxg7 Rhe8 26.Be5 Rbd8 1/2-1/2